000 00822aab a2200217 4500
001 768714001
003 CO-MdFUSB
005 20240530125444.0
008 170508s1992 cr ||||| |||| 00| 0 spa d
022 _a1409-1968
040 _aCO-MdFUSB
_bspa
_cCO-MdFUSB
_dCO-MdFUSB
041 _aspa
100 1 _aOngaro, Eugenio
_eautor
245 1 0 _a"¿Quién está al mando aquí?"
_c/ Eugenio Ongaro
300 _aVolumen 10. Número 2 (1992), páginas 28-29
_c: 27 cm.
520 _aQuien conduce sabe hacia donde va. Y como ha recibido la responsabilidad de conducir, debe comunicar bien la dirección. Quien conduce debe comunicar correctamente.
650 7 _aLiturgia
_9206
773 0 _tApuntes Pastorales
_049442
_960182
_gVolumen 10. Número 2 (1992), páginas 28-29
_qPágina 28
942 _cANA
945 _aJTF-925
999 _c49752
_d49752